00363nam a2200133Ia 450000500170000000800410001702000180005808200160007610000210009224500470011326000380016094200120019899900190021020250516145653.0250516s9999 xx 000 0 und d a9780226656731 a302.23bSTE aStewart, Garrett 0aCinemachines: An Essay On Media And Method bUniversity of Chicago Pressc2020 cENGLISH c571178d571178